000 00502nam a2200181Ia 4500
005 20250508160433.0
008 008 250505s9999 xx 000 0 eng d
037 _aTextual
040 _aFEDL
_beng
_cFEDL
041 _aeng
_2eng
084 _a741.23, MER
_qFEDL
100 _aMerriott Jack
_9768497
245 0 _aDrawing and painting in pastel
260 _aLondon, UK
_bAdam and Charles Black
_c1963
300 _a84p.
942 _cTEXL
_h741.23, MER
999 _c1364594
_d1364594